书目信息 |
| 题名: |
进化社会科学导论
|
|
| 作者: | 罗力群 著 | |
| 分册: | ||
| 出版信息: | 北京 社会科学文献出版社 2016 |
|
| 页数: | 267页 | |
| 开本: | 24cm | |
| 丛书名: | 现代社会学文库 | |
| 单 册: | ||
| 中图分类: | C , Q-1 | |
| 科图分类: | ||
| 主题词: | 生物学--she hui ke xue--现状 , 生物学--概况 | |
| 电子资源: | ||
| ISBN: | 978-7-5097-9097-7 | |
| 000 | 01393nam0 22003131 450 | |
| 001 | 1760944305 | |
| 005 | 20170620171923.35 | |
| 010 | @a978-7-5097-9097-7@dCNY79.00 | |
| 100 | @a20160718d2016 em y0chiy50 ea | |
| 101 | 0 | @achi |
| 102 | @aCN@b110000 | |
| 105 | @ay a 000yy | |
| 106 | @ar | |
| 200 | 1 | @a进化社会科学导论@9jin hua she hui ke xue dao lun@dEvolutionary social sciences: an introduction@f罗力群著@zeng |
| 210 | @a北京@c社会科学文献出版社@d2016 | |
| 215 | @a267页@d24cm | |
| 225 | 2 | @a现代社会学文库@9xian dai she hui xue wen ku@h第二辑@i讲义系列 |
| 300 | @a本书获教育部人文社科研究规划基金项目“西方进化社会学研究”资助 | |
| 320 | @a有书目 (第243-267页) | |
| 330 | @a本书旨在向我国读者介绍一个激动人心的新兴研究领域,即20世纪70年代以来西方学术界兴起的进化社会科学,尤其是进化社会科学在社会学、人类学、心理学和经济学内的分支——进化社会学、进化人类学、进化心理学和进化经济学。本书是中国学术界第一部系统介绍进化社会科学,尤其是进化社会学的著作,有助于破除人类中心论和人类特殊论的偏见,推动生物进化论在人类社会研究中的应用。 | |
| 461 | 0 | @12001 @a现代社会学文库@h第二辑@i讲义系列 |
| 510 | 1 | @aEvolutionary social sciences: an introduction@zeng |
| 606 | 0 | @a生物学@9she hui ke xue@x现状 |
| 606 | 0 | @a生物学@x概况 |
| 690 | @aC@v5 | |
| 690 | @aQ-1@v4 | |
| 701 | 0 | @a罗力群@9luo li qun@4著 |
| 801 | 0 | @aCN@b百万庄@c20170617 |
| 905 | @b1013700-2@dQ-1@e83@f3 | |
| 进化社会科学导论=Evolutionary social sciences: an introduction/罗力群著.-北京:社会科学文献出版社,2016 |
| 267页;24cm.-(现代社会学文库.第二辑.讲义系列) |
| 本书获教育部人文社科研究规划基金项目“西方进化社会学研究”资助 |
| ISBN 978-7-5097-9097-7:CNY79.00 |
| 本书旨在向我国读者介绍一个激动人心的新兴研究领域,即20世纪70年代以来西方学术界兴起的进化社会科学,尤其是进化社会科学在社会学、人类学、心理学和经济学内的分支——进化社会学、进化人类学、进化心理学和进化经济学。本书是中国学术界第一部系统介绍进化社会科学,尤其是进化社会学的著作,有助于破除人类中心论和人类特殊论的偏见,推动生物进化论在人类社会研究中的应用。 |
| ● |
| 相关链接 |
|
|
|
|
正题名:进化社会科学导论
索取号:Q-1/83
 
预约/预借
| 序号 | 登录号 | 条形码 | 馆藏地/架位号 | 状态 | 备注 |
| 1 | 1013700 | 210137001 | 第二样本阅览室/ [索取号:Q-1/83] | 在馆 | |
| 2 | 1013701 | 210137010 | 教育系资料室/ [索取号:Q-1/83] | 在馆 | |
| 3 | 1013702 | 210137029 | 第三借阅区/ [索取号:Q-1/83] | 在馆 |